000 00439nam a2200181Ia 4500
001 23822
005 20260414151003.0
008 260414t2021||||xx |||||||||||||| ||spa||
041 _aESP
082 _a711.4098501
_bC25
100 _aCanziani Amico, José
_eAUT
245 0 _aPaisaje y territorio en el Perú
_b
260 _c2021
300 _a281 páginas :
_c24 cm.
650 _aABD
654 _aCAU
942 _cLIB
_dJUS
_fJUS
_2ddc
_n
999 _c23822
_d23822